[Event "Niedersachsen-ch B"]
[Site "Verden"]
[Date "2010.01.06"]
[Round "7.9"]
[White "Kickert, Germaine Helene"]
[Black "Sawadkuhi, Massoud Amir"]
[Result "1/2-1/2"]
[WhiteElo "1972"]
[BlackElo "2227"]
[PlyCount "95"]
[EventDate "2010.01.??"]
[EventType "swiss"]
[EventRounds "7"]
[EventCountry "GER"]
[SourceDate "2005.10.24"]

1. e4 d5 2. exd5 Qxd5 3. Nc3 Qd6 4. Nf3 a6 5. g3 Nc6 6. d4 Bg4 7. d5 Nd4 8. Bg2
e5 9. Be3 Nxf3+ 10. Bxf3 Bxf3 11. Qxf3 Nf6 12. O-O-O O-O-O 13. Rhe1 Re8 14.
Qf5+ Qd7 15. Qxd7+ Nxd7 16. Ne4 h6 17. g4 g6 18. c4 f5 19. gxf5 gxf5 20. Ng3
Bb4 21. Bd2 Bxd2+ 22. Rxd2 Rhf8 23. Rde2 e4 24. Kb1 Kd8 25. Nh5 Rg8 26. Nf4 Ne5
27. Ne6+ Kc8 28. Nd4 Nd3 29. Rd1 f4 30. f3 exf3 31. Rxe8+ Rxe8 32. Nxf3 Re3 33.
Rf1 Re2 34. b3 b5 35. Rd1 bxc4 36. bxc4 Re3 37. Rf1 a5 38. Nd2 a4 39. a3 Kd7
40. Rf3 Rxf3 41. Nxf3 Kd6 42. Kc2 Ne5 43. Nd2 Ng4 44. Nf3 Ne5 45. Nd2 Nd7 46.
Nf3 Kc5 47. Kc3 Nf6 48. Nd2 1/2-1/2

[Event "Niedersachsen-ch B"]
[Site "Verden"]
[Date "2010.01.06"]
[Round "7.10"]
[White "Renner, Kai"]
[Black "Hurink, Maarten"]
[Result "1-0"]
[WhiteElo "2191"]
[BlackElo "1846"]
[PlyCount "37"]
[EventDate "2010.01.??"]
[EventType "swiss"]
[EventRounds "7"]
[EventCountry "GER"]
[SourceDate "2005.10.24"]

1. e4 c5 2. Nf3 d6 3. d4 cxd4 4. Nxd4 Nf6 5. Nc3 a6 6. Be2 e5 7. Nb3 Be6 8. f4
Nbd7 9. f5 Bxb3 10. axb3 Nc5 11. Bf3 Be7 12. O-O O-O 13. Be3 Qc7 14. Qe2 Rfd8
15. Rad1 Rd7 16. b4 Ncxe4 17. Nxe4 Rad8 18. Nxf6+ Bxf6 19. Bd5 1-0

[Event "Niedersachsen-ch B"]
[Site "Verden"]
[Date "2010.01.06"]
[Round "7.11"]
[White "Vogel, Christopher"]
[Black "Vetter, Torsten"]
[Result "1/2-1/2"]
[WhiteElo "1994"]
[BlackElo "2039"]
[PlyCount "28"]
[EventDate "2010.01.??"]
[EventType "swiss"]
[EventRounds "7"]
[EventCountry "GER"]
[SourceDate "2005.10.24"]

1. d4 e6 2. c4 d5 3. Nc3 f5 4. Nf3 Be7 5. Qc2 c6 6. e3 Nf6 7. Bd3 Ne4 8. g4 Na6
9. a3 Nc7 10. Rg1 Bf6 11. Bd2 Bd7 12. Rg2 g6 13. O-O-O Qe7 14. Ne2 Nxd2 1/2-1/2

[Event "Niedersachsen-ch B"]
[Site "Verden"]
[Date "2010.01.06"]
[Round "7.12"]
[White "Kaiser, Gerhard"]
[Black "Kuegel, Tobias"]
[Result "1/2-1/2"]
[WhiteElo "1965"]
[BlackElo "1921"]
[PlyCount "21"]
[EventDate "2010.01.??"]
[EventType "swiss"]
[EventRounds "7"]
[EventCountry "GER"]
[SourceDate "2005.10.24"]

1. e4 Nf6 2. e5 Nd5 3. d4 d6 4. c4 Nb6 5. f4 dxe5 6. fxe5 e6 7. Be3 Qh4+ {(=)}
8. Bf2 Qe4+ 9. Qe2 Bb4+ 10. Nc3 Qxe2+ 11. Bxe2 1/2-1/2

[Event "Niedersachsen-ch B"]
[Site "Verden"]
[Date "2010.01.06"]
[Round "7.13"]
[White "Wierum, Colin"]
[Black "Lossin, Sven Hendrik"]
[Result "1-0"]
[WhiteElo "1934"]
[BlackElo "2067"]
[PlyCount "55"]
[EventDate "2010.01.??"]
[EventType "swiss"]
[EventRounds "7"]
[EventCountry "GER"]
[SourceDate "2005.10.24"]

1. e4 b6 2. d4 Bb7 3. f3 e6 4. Be3 d5 5. exd5 exd5 6. Qd2 Bd6 7. Nc3 a6 8.
O-O-O Ne7 9. h4 c5 10. dxc5 bxc5 11. Bg5 Qc7 12. Nh3 f6 13. Bf4 Nd7 14. Nxd5
Nxd5 15. Bxd6 Qxd6 16. c4 Qg3 17. cxd5 Qxh4 18. Re1+ Kf7 19. Nf4 Qxh1 20. Bc4
Qh6 21. d6+ Kf8 22. Ne6+ Kf7 23. Nxg7+ Kxg7 24. Re7+ Kg6 25. Bd3+ f5 26. Bxf5+
Kxf5 27. Qxh6 Bc6 28. g4# 1-0

[Event "Niedersachsen-ch B"]
[Site "Verden"]
[Date "2010.01.06"]
[Round "7.14"]
[White "Pfemeter, Felix"]
[Black "Brunotte, Peter"]
[Result "1/2-1/2"]
[WhiteElo "1866"]
[BlackElo "1991"]
[PlyCount "66"]
[EventDate "2010.01.??"]
[EventType "swiss"]
[EventRounds "7"]
[EventCountry "GER"]
[SourceDate "2005.10.24"]

1. e4 e5 2. Nf3 Nf6 3. Nc3 Nc6 4. d4 exd4 5. Nxd4 Bc5 6. Be3 Bxd4 7. Bxd4 d6 8.
Be2 O-O 9. Be3 Re8 10. f3 Be6 11. g4 d5 12. g5 d4 13. gxf6 Qxf6 14. Qd2 dxc3
15. Qxc3 Qxc3+ 16. bxc3 Ne5 17. Bd4 Nd7 18. Rg1 f6 19. Rb1 b6 20. Bb5 Kf8 21.
Kf2 Re7 22. a3 {Ab hier kann nur noch geraten werden.} Ne5 23. Bxe5 fxe5 24.
Rg5 Rd8 25. Ke2 h6 26. Rgg1 a6 27. Ba4 b5 28. Bb3 Bxb3 29. cxb3 Red7 30. Rbd1
Rxd1 31. Rxd1 Rxd1 32. Kxd1 Ke7 33. Ke2 g5 1/2-1/2

[Event "Niedersachsen-ch B"]
[Site "Verden"]
[Date "2010.01.06"]
[Round "7.15"]
[White "Langenfeld, Olaf"]
[Black "Thumulka, Patrick"]
[Result "1/2-1/2"]
[WhiteElo "1992"]
[BlackElo "1892"]
[PlyCount "44"]
[EventDate "2010.01.??"]
[EventType "swiss"]
[EventRounds "7"]
[EventCountry "GER"]
[SourceDate "2005.10.24"]

1. d4 d5 2. Nf3 Nf6 3. e3 Bf5 4. c4 e6 5. Nc3 c6 6. Be2 Bd6 7. O-O O-O 8. Ne5
Ne4 9. f4 Nxc3 10. bxc3 f6 11. Nf3 Nd7 12. Qb3 Qb6 13. Ba3 Qxb3 14. axb3 Bxa3
15. Rxa3 a6 16. b4 Nb6 17. c5 Nc4 18. Bxc4 dxc4 19. Nd2 Bd3 20. Rd1 Rad8 21.
Kf2 e5 22. Raa1 e4 1/2-1/2

[Event "Niedersachsen-ch B"]
[Site "Verden"]
[Date "2010.01.06"]
[Round "7.16"]
[White "Eickhoff, Hermann"]
[Black "Meyer, Juergen"]
[Result "0-1"]
[WhiteElo "2030"]
[BlackElo "2093"]
[PlyCount "90"]
[EventDate "2010.01.??"]
[EventType "swiss"]
[EventRounds "7"]
[EventCountry "GER"]
[SourceDate "2005.10.24"]

1. c4 Nf6 2. Nc3 e5 3. g3 Bb4 4. Bg2 d6 5. Nf3 O-O 6. O-O c6 7. Qc2 Be6 8. b3
h6 9. Bb2 a5 10. d4 exd4 11. Nxd4 Nbd7 12. Rad1 Bg4 13. a3 Bc5 14. Nf5 Bxf5 15.
Qxf5 Re8 16. e3 Qe7 17. Qc2 Rad8 18. Ne2 Bxe3 19. fxe3 Qxe3+ 20. Rf2 Ng4 21.
Bd4 Qe7 22. Rf4 Ne3 23. Bxe3 Qxe3+ 24. Kf1 Nc5 25. Nd4 a4 26. b4 Ne6 27. Nxe6
fxe6 28. Rd3 Qa7 29. Qf2 Qa6 30. Kg1 e5 31. Rh4 d5 32. b5 cxb5 33. Bxd5+ Kh8
34. Qe3 bxc4 35. Bxc4 b5 36. Bd5 Qf6 37. Qf2 Qg5 38. Qe3 Qxe3+ 39. Rxe3 Rxd5
40. Rhe4 Kh7 41. g4 Kg6 42. h4 Kf6 43. Rf3+ Ke6 44. Kg2 Rc8 45. g5 h5 0-1

[Event "Niedersachsen-ch B"]
[Site "Verden"]
[Date "2010.01.06"]
[Round "7.17"]
[White "Meyer, Irmin"]
[Black "Schneider, Alexander2 (1942)"]
[Result "0-1"]
[WhiteElo "2004"]
[BlackElo "1953"]
[PlyCount "33"]
[EventDate "2010.01.??"]
[EventType "swiss"]
[EventRounds "7"]
[EventCountry "GER"]
[SourceDate "2005.10.24"]

1. e4 c6 2. c4 d5 3. exd5 cxd5 4. cxd5 Qxd5 5. Nc3 Qd8 6. d4 e6 7. Nf3 Nf6 8.
Ne5 a6 9. Be2 Be7 10. O-O O-O 11. Be3 Nbd7 12. Qb3 Nb6 13. Bf3 Nfd5 14. Rac1
Nxc3 15. bxc3 f6 16. Nd3 Nd5 17. Bd2 {
..52 Züge. Leider ist die Notation von grob fehlerhaft.} 0-1

[Event "Niedersachsen-ch B"]
[Site "Verden"]
[Date "2010.01.06"]
[Round "7.18"]
[White "Schaar, Andreas"]
[Black "Tennert, Simon"]
[Result "0-1"]
[WhiteElo "1993"]
[BlackElo "1993"]
[PlyCount "104"]
[EventDate "2010.01.??"]
[EventType "swiss"]
[EventRounds "7"]
[EventCountry "GER"]
[SourceDate "2005.10.24"]

1. d4 Nf6 2. Nf3 e6 3. Bg5 Be7 4. e3 d5 5. c4 h6 6. Bh4 c5 7. cxd5 Nxd5 8. Bxe7
Qxe7 9. e4 Nf6 10. e5 Nd5 11. Nc3 Nxc3 12. bxc3 cxd4 13. cxd4 Qb4+ 14. Qd2
Qxd2+ 15. Kxd2 O-O 16. Rc1 Bd7 17. Ke3 Nc6 18. Nd2 Ne7 19. Bd3 Nd5+ 20. Kf3 f6
21. Kg3 fxe5 22. dxe5 Nf4 23. Rc7 Bc6 24. Be4 Ne2+ 25. Kh3 Rxf2 26. Bxc6 bxc6
27. Ne4 Rf5 28. Ng3 Nf4+ 29. Kg4 Nd5 30. Rxc6 Rf4+ 31. Kh3 g5 32. Ne2 Re4 33.
Nc1 Rf8 34. g3 Rxe5 35. Nd3 Re3 36. Nc5 Rf6 37. Rd1 Kg7 38. Nxe6+ Rfxe6 39.
Rxe6 Nf4+ 40. Kg4 Nxe6 41. Rd7+ Kg6 42. Rxa7 h5+ 43. Kh3 Re2 44. g4 h4 45. Ra6
Kf7 46. Ra7+ Ke8 47. Ra8+ Kd7 48. Ra7+ Kc8 49. Ra8+ Kb7 50. Ra4 Nf4+ 51. Rxf4
gxf4 52. g5 Rxa2 0-1

[Event "Niedersachsen-ch B"]
[Site "Verden"]
[Date "2010.01.06"]
[Round "7.19"]
[White "Gruender, Michael"]
[Black "Ehlert, Horst"]
[Result "1/2-1/2"]
[WhiteElo "1980"]
[BlackElo "2083"]
[PlyCount "34"]
[EventDate "2010.01.??"]
[EventType "swiss"]
[EventRounds "7"]
[EventCountry "GER"]
[SourceDate "2005.10.24"]

1. Nf3 Nf6 2. c4 b6 3. g3 Bb7 4. Bg2 g6 5. O-O Bg7 6. Nc3 O-O 7. Re1 d6 8. e4
c5 9. d4 cxd4 10. Nxd4 Nfd7 11. Be3 Nc6 12. b3 a6 13. Qd2 Re8 14. Rad1 Rc8 15.
f4 Nxd4 16. Bxd4 Bxd4+ 17. Qxd4 Nc5 1/2-1/2

[Event "Niedersachsen-ch B"]
[Site "Verden"]
[Date "2010.01.06"]
[Round "7.20"]
[White "Kaiser, Jonas"]
[Black "Woellermann, Ludger"]
[Result "1/2-1/2"]
[WhiteElo "1939"]
[BlackElo "1820"]
[PlyCount "33"]
[EventDate "2010.01.??"]
[EventType "swiss"]
[EventRounds "7"]
[EventCountry "GER"]
[SourceDate "2005.10.24"]

1. d4 Nf6 2. Nf3 e6 3. c4 b6 4. a3 Bb7 5. Nc3 c5 6. d5 exd5 7. cxd5 d6 8. e4
Be7 9. Bd3 O-O 10. O-O Nbd7 11. Re1 Re8 12. h3 a6 13. a4 Nf8 14. Bf4 Ng6 15.
Bh2 Nd7 16. Qe2 Bf8 17. Qc2 1/2-1/2

[Event "Niedersachsen-ch B"]
[Site "Verden"]
[Date "2010.01.06"]
[Round "7.21"]
[White "Stotyn, Fabian"]
[Black "Poelig, Juergen"]
[Result "1-0"]
[WhiteElo "2052"]
[BlackElo "1807"]
[PlyCount "71"]
[EventDate "2010.01.??"]
[EventType "swiss"]
[EventRounds "7"]
[EventCountry "GER"]
[SourceDate "2005.10.24"]

1. e4 e6 2. d4 d5 3. Nd2 c5 4. dxc5 Bxc5 5. Nb3 Bb6 6. exd5 exd5 7. c3 Ne7 8.
Be2 Nbc6 9. Nf3 Bg4 10. O-O O-O {(=)} 11. Bf4 Ng6 12. Bc1 a6 13. h3 Be6 14.
Nfd4 Qd6 15. f4 Nce7 16. Kh1 Bc7 17. Be3 Rae8 18. Qd2 Bc8 19. Bd3 Nh4 20. Qf2
Nhf5 {(=)} 21. Nxf5 Bxf5 22. Bxf5 Nxf5 23. Bc5 Qg6 24. g4 Nd6 25. Qf3 Qe4 26.
Rad1 Qxf3+ 27. Rxf3 Re2 28. Rxd5 Rd8 29. Rfd3 Re6 30. f5 Re1+ 31. Kg2 Re2+ 32.
Kf3 Rxb2 33. Bxd6 Bb6 34. Bc5 Rxd5 35. Rxd5 Bxc5 36. Nxc5 1-0

[Event "Niedersachsen-ch B"]
[Site "Verden"]
[Date "2010.01.06"]
[Round "7.22"]
[White "Franke, Klaus"]
[Black "Bart, Simon"]
[Result "0-1"]
[WhiteElo "1946"]
[BlackElo "1982"]
[PlyCount "52"]
[EventDate "2010.01.??"]
[EventType "swiss"]
[EventRounds "7"]
[EventCountry "GER"]
[SourceDate "2005.10.24"]

1. d4 Nf6 2. Nd2 d5 3. Ngf3 e6 4. e3 c5 5. c3 Nc6 6. Bd3 Bd6 7. O-O O-O 8. Qe2
e5 9. dxc5 Bxc5 10. e4 Bg4 11. exd5 Nxd5 12. Ne4 Bb6 13. Rd1 Qe7 14. Bc4 Nf4
15. Bxf4 exf4 16. h3 Bh5 17. Rd5 Bxf3 18. gxf3 Na5 19. Rad1 Qh4 20. Kg2 Rac8
21. Bd3 Rce8 22. Qd2 Nc6 23. Rf5 Bc7 24. Kh2 Ne5 25. Qe2 Re6 26. Rg5 Rh6 0-1

[Event "Niedersachsen-ch B"]
[Site "Verden"]
[Date "2010.01.06"]
[Round "7.23"]
[White "Neumair, Cedric"]
[Black "Pollmann, Sascha"]
[Result "1/2-1/2"]
[WhiteElo "1842"]
[BlackElo "2025"]
[PlyCount "59"]
[EventDate "2010.01.??"]
[EventType "swiss"]
[EventRounds "7"]
[EventCountry "GER"]
[SourceDate "2005.10.24"]

1. d4 e6 2. c4 f5 3. g3 Nf6 4. Bg2 c6 5. Nc3 d5 6. Nf3 Bd6 7. O-O O-O 8. Bf4
Bxf4 9. gxf4 Nbd7 10. Ne5 Nxe5 11. fxe5 Ne4 12. Qc2 Bd7 13. f3 Nxc3 14. Qxc3 f4
15. e3 Be8 16. e4 Bg6 17. exd5 cxd5 18. Bh3 Bf5 19. Bxf5 Rxf5 20. c5 Rh5 21.
Rf2 Rh6 22. Rg2 Kh8 23. Qd2 g5 24. b4 Rg6 25. Kh1 Qe7 26. b5 Qd7 27. a4 a6 28.
b6 Qc6 29. Qc2 Rag8 30. Rag1 1/2-1/2

[Event "Niedersachsen-ch B"]
[Site "Verden"]
[Date "2010.01.06"]
[Round "7.24"]
[White "Jacobi, Felix Hagen"]
[Black "Langer, Michael S"]
[Result "1/2-1/2"]
[WhiteElo "1901"]
[BlackElo "1986"]
[PlyCount "53"]
[EventDate "2010.01.??"]
[EventType "swiss"]
[EventRounds "7"]
[EventCountry "GER"]
[SourceDate "2005.10.24"]

1. e4 c6 2. d4 d5 3. exd5 cxd5 4. Bd3 Nc6 5. c3 g6 6. Bf4 Nh6 7. Qd2 Nf5 8. Nf3
Bg7 9. Na3 a6 10. O-O-O h5 11. h3 h4 12. Nc2 Qa5 13. a3 b5 14. g4 hxg3 15. fxg3
Bd7 16. g4 Nh6 17. Rde1 e6 18. Bg5 Ng8 19. Qf4 Nge7 20. h4 Rf8 21. Bf6 Bxf6 22.
Qxf6 O-O-O 23. h5 gxh5 24. gxh5 Ng8 25. Qg7 Qc7 26. Nh4 Qf4+ 27. Kb1 1/2-1/2

[Event "Niedersachsen-ch B"]
[Site "Verden"]
[Date "2010.01.06"]
[Round "7.26"]
[White "Albrecht, Carsten"]
[Black "Kessler, Marcel"]
[Result "1/2-1/2"]
[WhiteElo "1948"]
[BlackElo "1924"]
[PlyCount "81"]
[EventDate "2010.01.??"]
[EventType "swiss"]
[EventRounds "7"]
[EventCountry "GER"]
[SourceDate "2005.10.24"]

1. d4 d5 2. Nf3 Nf6 3. e3 e6 4. Bd3 Bd6 5. Nbd2 c5 6. dxc5 Bxc5 7. O-O O-O 8.
e4 dxe4 9. Nxe4 Nxe4 10. Bxe4 Qb6 11. Bxh7+ Kxh7 12. Ng5+ Kg6 13. Qg4 f5 14.
Qh4 e5 15. Qh7+ Kf6 16. Qh4 Nd7 17. Nh7+ Kf7 18. Qc4+ Kg6 19. Nxf8+ Nxf8 20.
Qb3 Qxb3 21. axb3 Ne6 22. c3 f4 23. Rd1 Kf6 24. b4 Be7 25. b3 Nc7 26. Bb2 Be6
27. f3 Nd5 28. Ra5 Ne3 29. Rda1 a6 30. c4 Bd6 31. b5 Bc7 32. bxa6 Bxa5 33. axb7
Rb8 34. Rxa5 Rxb7 35. Bxe5+ Kg6 36. Bxf4 Nf5 37. Rb5 Rxb5 38. cxb5 Bxb3 39. b6
Bd5 40. Kf2 Kf6 41. Bc7 1/2-1/2

[Event "Niedersachsen-ch B"]
[Site "Verden"]
[Date "2010.01.06"]
[Round "7.27"]
[White "Heyne, Lukas"]
[Black "Celik, Abdullah"]
[Result "0-1"]
[WhiteElo "1810"]
[BlackElo "1793"]
[PlyCount "54"]
[EventDate "2010.01.??"]
[EventType "swiss"]
[EventRounds "7"]
[EventCountry "GER"]
[SourceDate "2005.10.24"]

1. e4 c5 2. Nc3 Nc6 3. Bc4 e6 4. f4 Nf6 5. e5 d5 6. Bb5 Ng8 7. Nf3 Qb6 8. d3
Nge7 9. a4 Bd7 10. Bd2 h5 11. a5 Qc7 12. O-O Nf5 13. Qe2 Ncd4 14. Bxd7+ Qxd7
15. Nxd4 Nxd4 16. Qd1 Rc8 17. Ne2 Nf5 18. Qe1 Be7 19. c4 Rh6 20. Nc3 {(=)} dxc4
21. dxc4 Qd4+ 22. Qf2 Qxc4 23. Ra4 Qd3 24. Rd1 c4 25. Kh1 Bc5 26. Qe1 h4 27.
Ne4 Qxe4 0-1

[Event "Niedersachsen-ch B"]
[Site "Verden"]
[Date "2010.01.06"]
[Round "7.28"]
[White "Duessler, Stefanie"]
[Black "Belakhin, Alexander"]
[Result "1/2-1/2"]
[WhiteElo "1784"]
[BlackElo "1864"]
[PlyCount "68"]
[EventDate "2010.01.??"]
[EventType "swiss"]
[EventRounds "7"]
[EventCountry "GER"]
[SourceDate "2005.10.24"]

1. e4 Nf6 2. e5 Nd5 3. d4 d6 4. c4 Nb6 5. exd6 cxd6 6. Nf3 g6 7. Be3 Bg7 8. Nc3
O-O 9. Be2 Nc6 10. O-O Bg4 11. b3 d5 12. c5 Nc8 13. h3 Bxf3 14. Bxf3 e6 15. Qd2
N8e7 16. Rab1 Nf5 17. Ne2 Nh4 18. Bg5 Nxf3+ 19. gxf3 Bf6 20. f4 Kg7 21. b4 a6
22. a4 h6 23. Bxf6+ Qxf6 24. b5 axb5 25. axb5 Na5 26. Qc3 Nc4 27. Ra1 Rfc8 28.
Qb4 {(=)} Qd8 29. Kg2 Qf6 30. Kg1 Qh4 31. Kg2 Qh5 32. Ng3 Qh4 33. Ne2 Qe7 34.
Ra4 Qf8 1/2-1/2

[Event "Niedersachsen-ch B"]
[Site "Verden"]
[Date "2010.01.06"]
[Round "7.29"]
[White "Dorn, Carina"]
[Black "Oehne, Ingo"]
[Result "1-0"]
[WhiteElo "1867"]
[BlackElo "1900"]
[PlyCount "37"]
[EventDate "2010.01.??"]
[EventType "swiss"]
[EventRounds "7"]
[EventCountry "GER"]
[SourceDate "2005.10.24"]

1. d4 d5 2. c4 e5 3. dxe5 d4 4. Bf4 Nc6 5. Nf3 Nge7 6. g3 Ng6 7. Bg2 Bg4 8.
Nbd2 Qd7 9. O-O Nxf4 10. gxf4 h6 11. Nb3 O-O-O 12. a3 g5 13. Qd2 gxf4 14. Qxf4
Rg8 15. Kh1 Bf5 16. Nbxd4 Nxd4 17. Nxd4 Rxg2 18. Qxf5 Rg4 19. e6 1-0

[Event "Niedersachsen-ch B"]
[Site "Verden"]
[Date "2010.01.06"]
[Round "7.30"]
[White "Rieping, Heiner"]
[Black "Suendorf, Dominik"]
[Result "1/2-1/2"]
[WhiteElo "1800"]
[BlackElo "1752"]
[PlyCount "148"]
[EventDate "2010.01.??"]
[EventType "swiss"]
[EventRounds "7"]
[EventCountry "GER"]
[SourceDate "2005.10.24"]

1. e4 c5 2. Nf3 Nc6 3. d4 cxd4 4. Nxd4 g6 5. c4 Nf6 6. Nc3 Nxd4 7. Qxd4 d6 8.
Be3 Bg7 9. Qd2 O-O 10. Be2 Be6 11. O-O Rc8 12. b3 Qa5 13. Rac1 Rfe8 14. f4 Bg4
15. Bf3 Bxf3 16. Rxf3 Ng4 17. Nd5 Qxd2 18. Bxd2 Bd4+ 19. Be3 Nxe3 20. Nxe3 b5
21. Kf1 Bxe3 22. Rxe3 bxc4 23. Rec3 Rc5 24. Rxc4 Rxc4 25. Rxc4 e6 26. Rc7 Ra8
27. Rd7 d5 28. exd5 exd5 29. Rxd5 Kg7 30. Ke2 Kf6 31. Kd3 Ke6 32. Kd4 Rc8 33.
Rc5 Rd8+ 34. Kc3 Rd1 35. Ra5 Rc1+ 36. Kd4 Rd1+ 37. Ke3 Rd7 38. g4 h6 39. Ke4
Rb7 40. Ra6+ Ke7 41. Kd5 Rd7+ 42. Ke5 Rb7 43. Ra5 f6+ 44. Ke4 Ke6 45. Ra6+ Ke7
46. Rc6 Rb4+ 47. Rc4 Rb7 48. b4 Kd6 49. a4 Re7+ 50. Kf3 Re1 51. b5 Rf1+ 52. Ke3
Re1+ 53. Kf2 Ra1 54. Rc6+ Kd5 55. Ra6 Ra2+ 56. Ke3 Ra3+ 57. Kd2 Ra2+ 58. Kc3
Rxh2 59. Rxf6 Rf2 60. Kb4 h5 61. gxh5 gxh5 62. Rf5+ Kd6 63. Ka5 h4 64. Ka6 Ra2
65. a5 h3 66. Rh5 h2 67. b6 axb6 68. Kxb6 Rb2+ 69. Ka7 Kc7 70. a6 Ra2 71. f5
Ra5 72. Rh7+ Kc6 73. f6 Rf5 74. f7 h1=Q 1/2-1/2

[Event "Niedersachsen-ch B"]
[Site "Verden"]
[Date "2010.01.06"]
[Round "7.31"]
[White "Palmer, Harald"]
[Black "Wolf, Fritjof"]
[Result "0-1"]
[WhiteElo "1878"]
[BlackElo "1909"]
[PlyCount "82"]
[EventDate "2010.01.??"]
[EventType "swiss"]
[EventRounds "7"]
[EventCountry "GER"]
[SourceDate "2005.10.24"]

1. e4 c6 2. d4 d5 3. exd5 cxd5 4. c4 Nf6 5. Nc3 e6 6. Nf3 Be7 7. c5 O-O 8. Bf4
a6 9. Bd3 Nc6 10. a3 b6 11. b4 bxc5 12. bxc5 Qa5 13. Qd2 Bd7 14. O-O Nh5 15.
Ne2 Nxf4 16. Qxf4 Bf6 17. Ng5 Bxg5 18. Qxg5 Rfb8 19. Qh4 h6 20. f4 Rb3 21. Rf3
Rab8 22. Raf1 Qxa3 23. Qg3 f5 24. Bc2 Rxf3 25. Rxf3 Nxd4 26. Rxa3 Nxe2+ 27. Kf2
Nxg3 28. Kxg3 Bb5 29. Bd1 Kf7 30. Kf3 Rc8 31. Rc3 Bc4 32. Ke3 Rxc5 33. Be2 Rc7
34. Kd4 a5 35. Ke5 a4 36. Bh5+ Ke7 37. Rg3 Kf8 38. Kxe6 d4+ 39. Kd6 Ra7 40. Kc5
a3 41. Kxc4 a2 0-1

[Event "Niedersachsen-ch B"]
[Site "Verden"]
[Date "2010.01.06"]
[Round "7.32"]
[White "Kimmich, Bernd"]
[Black "Guede, Klaus"]
[Result "0-1"]
[WhiteElo "1928"]
[BlackElo "1764"]
[PlyCount "132"]
[EventDate "2010.01.??"]
[EventType "swiss"]
[EventRounds "7"]
[EventCountry "GER"]
[SourceDate "2005.10.24"]

1. d4 Nf6 2. Nf3 c5 3. e3 e6 4. c4 Be7 5. Nc3 cxd4 6. exd4 O-O 7. Be2 d6 8. O-O
Nc6 9. a3 a6 10. b4 Na7 11. h3 b6 12. Be3 Bb7 13. Qb3 Ne4 14. Nxe4 Bxe4 15. Nd2
Bb7 16. Rac1 Rc8 17. Rfd1 Rc7 18. Nf3 Nc8 19. c5 b5 20. Bf4 Bd5 21. Qe3 Na7 22.
Nd2 Rd7 23. Bf3 dxc5 24. dxc5 Nc6 25. Nb3 Re8 26. Bxd5 Rxd5 27. Qf3 Qd7 28.
Rxd5 Qxd5 29. Qxd5 exd5 30. Rd1 Rd8 31. Nd4 Nxd4 32. Rxd4 Bf6 33. Rd3 d4 34. g4
g5 35. Bg3 Kf8 36. f4 h6 37. f5 Ke7 38. Kg2 Kd7 39. Kf3 Kc6 40. Rd2 Bg7 41. h4
Bf6 42. hxg5 hxg5 43. Bf2 Rd7 44. Ke4 Re7+ 45. Kd3 Rd7 46. Re2 a5 47. Re4 axb4
48. axb4 Ra7 49. Bxd4 Ra3+ 50. Kc2 Kd5 51. Re3 Ra2+ 52. Kd3 Bxd4 53. Re7 Ra3+
54. Kc2 f6 55. Rb7 Kc4 56. c6 Ra8 57. Rd7 Rc8 58. Rd6 Be5 59. Re6 Kxb4 60. Kd3
Kc5 61. Ke4 Rxc6 62. Rxe5+ fxe5 63. Kxe5 b4 64. f6 b3 65. f7 Rc8 66. Kf6 b2 0-1

[Event "Niedersachsen-ch B"]
[Site "Verden"]
[Date "2010.01.06"]
[Round "7.33"]
[White "Hagemann, Sven"]
[Black "Grigorian, Spartak"]
[Result "1-0"]
[WhiteElo "2019"]
[BlackElo "1762"]
[PlyCount "56"]
[EventDate "2010.01.??"]
[EventType "swiss"]
[EventRounds "7"]
[EventCountry "GER"]
[SourceDate "2005.10.24"]

1. e4 c5 2. Nf3 d6 3. d4 cxd4 4. Nxd4 Nf6 5. Nc3 Nc6 6. Bg5 e6 7. Qd2 a6 8. f3
h6 9. Be3 Be7 10. O-O-O Bd7 11. h4 Qc7 12. g4 b5 13. Bd3 b4 14. Nce2 d5 15. g5
hxg5 16. hxg5 Nh5 17. exd5 exd5 18. Nxc6 Bxc6 19. Nf4 g6 20. Nxg6 O-O-O 21.
Nxh8 d4 22. Rxh5 Bxf3 23. Bxa6+ Kb8 24. Bf4 Bd6 25. Bxd6 Rxd6 26. Be2 Bxh5 27.
Bxh5 Qa5 28. Bxf7 d3 1-0

[Event "Niedersachsen-ch B"]
[Site "Verden"]
[Date "2010.01.06"]
[Round "7.34"]
[White "Davydov, Mihail"]
[Black "Hanemann, Henno"]
[Result "1/2-1/2"]
[WhiteElo "2061"]
[BlackElo "1838"]
[PlyCount "30"]
[EventDate "2010.01.??"]
[EventType "swiss"]
[EventRounds "7"]
[EventCountry "GER"]
[SourceDate "2005.10.24"]

1. e4 e5 2. Nf3 d6 3. d4 Nf6 4. Nc3 Nbd7 5. Bc4 Be7 6. O-O O-O 7. Qe2 c6 8. a4
Re8 9. Ng5 d5 10. exd5 Nxd5 11. Qh5 Bxg5 12. Bxg5 N7f6 13. Bxf6 Qxf6 14. Bxd5
cxd5 15. Nxd5 Qc6 1/2-1/2

[Event "Niedersachsen-ch B"]
[Site "Verden"]
[Date "2010.01.06"]
[Round "7.35"]
[White "Rethmann, Kristin"]
[Black "Zotin, Vladimir"]
[Result "1/2-1/2"]
[WhiteElo "1784"]
[BlackElo "2015"]
[PlyCount "85"]
[EventDate "2010.01.??"]
[EventType "swiss"]
[EventRounds "7"]
[EventCountry "GER"]
[SourceDate "2005.10.24"]

1. e4 e5 2. Bc4 Nf6 3. d3 Be7 4. Nf3 d6 5. O-O Nc6 6. c3 a6 7. Bb3 Bg4 8. Re1
O-O 9. Nbd2 Na5 10. Bc2 c5 11. h3 Bd7 12. Nf1 Nc6 13. Ng3 h6 14. Be3 Nh7 15. d4
b6 16. Qd2 Ng5 17. Nxg5 hxg5 18. Rad1 Ra7 19. Qe2 g6 20. d5 {(=)} Nb8 21. Bd3
Kg7 22. f3 Rh8 23. b4 Bc8 24. Rb1 Nd7 25. a4 Qc7 26. b5 a5 27. Nf1 Qd8 28. Nd2
Nf8 29. Nc4 Rb7 30. Kf2 f5 31. Rh1 Bf6 32. Rbg1 Kg8 33. Qc2 f4 34. Bc1 {(=)}
Rbh7 35. Qd1 Be7 36. Bb2 Nd7 37. Be2 Nf6 38. Bc1 Nh5 39. Bd3 Ng3 40. Rh2 g4 41.
fxg4 Bh4 42. Kf3 Qc7 43. Bd2 1/2-1/2

[Event "Niedersachsen-ch B"]
[Site "Verden"]
[Date "2010.01.06"]
[Round "7.36"]
[White "Hartogh, Tim"]
[Black "Kramer, Norbert"]
[Result "0-1"]
[WhiteElo "1862"]
[BlackElo "1801"]
[PlyCount "32"]
[EventDate "2010.01.??"]
[EventType "swiss"]
[EventRounds "7"]
[EventCountry "GER"]
[SourceDate "2005.10.24"]

1. d4 d5 2. c4 e5 3. dxe5 d4 4. Nf3 Nc6 5. g3 Bb4+ 6. Nbd2 Bg4 7. Bg2 Qd7 8. a3
Bxd2+ 9. Qxd2 O-O-O 10. b3 f6 11. exf6 Nxf6 12. Bb2 Rhe8 13. O-O-O Ne4 14. Qe1
Nc5 15. b4 Qe6 16. bxc5 Qxc4+ 0-1

[Event "Niedersachsen-ch B"]
[Site "Verden"]
[Date "2010.01.06"]
[Round "7.37"]
[White "Hentrop, Malte"]
[Black "Modder, Frank"]
[Result "1/2-1/2"]
[WhiteElo "1665"]
[BlackElo "1924"]
[PlyCount "47"]
[EventDate "2010.01.??"]
[EventType "swiss"]
[EventRounds "7"]
[EventCountry "GER"]
[SourceDate "2005.10.24"]

1. e4 e6 2. d4 d5 3. exd5 exd5 4. Bd3 Nc6 5. c3 Bd6 6. Ne2 Nge7 7. Bf4 Be6 8.
Nd2 Qd7 9. Bxd6 Qxd6 10. Nf3 Bg4 11. Ng3 Qe6+ 12. Kd2 Qf6 13. Be2 Qf4+ 14. Kc2
f6 15. Qd2 Qd6 16. h3 Be6 17. Bd3 O-O-O 18. Rae1 h5 19. Nh4 Qd7 20. Ng6 Nxg6
21. Bxg6 h4 22. Rxe6 hxg3 23. Re2 gxf2 24. Rxf2 1/2-1/2